High-efficiency solar cells : (Record no. 355825)
[ view plain ]
| 000 -LEADER | |
|---|---|
| fixed length control field | 00891cam a22002775i 4500 |
| 001 - CONTROL NUMBER | |
| control field | 17873617 |
| 003 - CONTROL NUMBER IDENTIFIER | |
| control field | USPCAS-E |
| 005 - DATE AND TIME OF LATEST TRANSACTION | |
| control field | 20180118181415.0 |
| 008 - FIXED-LENGTH DATA ELEMENTS--GENERAL INFORMATION | |
| fixed length control field | 130903s2013 nyu 000 0 eng |
| 010 ## - LIBRARY OF CONGRESS CONTROL NUMBER | |
| LC control number | 2013949411 |
| 020 ## - INTERNATIONAL STANDARD BOOK NUMBER | |
| International Standard Book Number | 9783319019871 |
| 040 ## - CATALOGING SOURCE | |
| Original cataloging agency | DLC |
| Language of cataloging | eng |
| Transcribing agency | DLC |
| Description conventions | rda |
| Modifying agency | DLC |
| 042 ## - AUTHENTICATION CODE | |
| Authentication code | pcc |
| 082 ## - DEWEY DECIMAL CLASSIFICATION NUMBER | |
| Classification number | 621.31244 |
| Author Mark | HIG 2014 |
| 100 1# - MAIN ENTRY--PERSONAL NAME | |
| Personal name | Wang, Xiaodong. |
| 245 10 - TITLE STATEMENT | |
| Title | High-efficiency solar cells : |
| Remainder of title | physics, materials, and devices / |
| Statement of responsibility, etc. | Xiaodong Wang. |
| 260 ## - PUBLICATION, DISTRIBUTION, ETC. | |
| Place of publication, distribution, etc. | London: |
| Name of publisher, distributor, etc. | Springer, |
| Date of publication, distribution, etc. | c2014 |
| 263 ## - PROJECTED PUBLICATION DATE | |
| Projected publication date | 1311 |
| 300 ## - PHYSICAL DESCRIPTION | |
| Extent | pages cm |
| 502 ## - DISSERTATION NOTE | |
| Dissertation note | 0 |
| 856 42 - ELECTRONIC LOCATION AND ACCESS | |
| Materials specified | Publisher description |
| Uniform Resource Identifier | <a href="http://www.loc.gov/catdir/enhancements/fy1317/2013949411-d.html">http://www.loc.gov/catdir/enhancements/fy1317/2013949411-d.html</a> |
| 856 41 - ELECTRONIC LOCATION AND ACCESS | |
| Materials specified | Table of contents only |
| Uniform Resource Identifier | <a href="http://www.loc.gov/catdir/enhancements/fy1317/2013949411-t.html">http://www.loc.gov/catdir/enhancements/fy1317/2013949411-t.html</a> |
| 906 ## - LOCAL DATA ELEMENT F, LDF (RLIN) | |
| a | 0 |
| b | ibc |
| c | orignew |
| d | 2 |
| e | epcn |
| f | 20 |
| g | y-gencatlg |
| 942 ## - ADDED ENTRY ELEMENTS (KOHA) | |
| Source of classification or shelving scheme | |
| Koha item type | Book |
| Withdrawn status | Lost status | Source of classification or shelving scheme | Damaged status | Not for loan | Collection code | Permanent Location | Current Location | Shelving location | Date acquired | Source of acquisition | Cost, normal purchase price | Total Checkouts | Full call number | Barcode | Date last seen | Price effective from | Koha item type | Copy number |
|---|---|---|---|---|---|---|---|---|---|---|---|---|---|---|---|---|---|---|
| US-Pakistan Center for Advanced Studies in Energy (USPCAS-E) | US-Pakistan Center for Advanced Studies in Energy (USPCAS-E) | 12/28/2015 | Progressive | 15130.00 | 621.31244 HIG 2014 | CAS-E0000931 | 12/28/2015 | 12/28/2015 | Book | |||||||||
| US-Pakistan Center for Advanced Studies in Energy (USPCAS-E) | US-Pakistan Center for Advanced Studies in Energy (USPCAS-E) | 12/28/2015 | Progressive | 15130.00 | 621.31244 HIG 2014 | CAS-E0000932 | 12/28/2015 | 12/28/2015 | Book | C.2 |
